A handbook of media and communication research : (Record no. 3442)

000 -LEADER
fixed length control field 01467cam a2200409 a 4500
001 - CONTROL NUMBER
control field 9222294
003 - CONTROL NUMBER IDENTIFIER
control field OSt
005 - DATE AND TIME OF LATEST TRANSACTION
control field 20180117090006.0
008 - FIXED-LENGTH DATA ELEMENTS--GENERAL INFORMATION
fixed length control field 110506s2012 enka b 001 0 eng
010 ## - LIBRARY OF CONGRESS CONTROL NUMBER
LC control number 2011018290
020 ## - INTERNATIONAL STANDARD BOOK NUMBER
International Standard Book Number 9780415609654 (hardback : alk. paper)
020 ## - INTERNATIONAL STANDARD BOOK NUMBER
International Standard Book Number 0415609658 (hardback : alk. paper)
020 ## - INTERNATIONAL STANDARD BOOK NUMBER
International Standard Book Number 9780415609661 (pbk. : alk. paper)
020 ## - INTERNATIONAL STANDARD BOOK NUMBER
International Standard Book Number 0415609666 (pbk. : alk. paper)
020 ## - INTERNATIONAL STANDARD BOOK NUMBER
International Standard Book Number 9780203357255 (ebook)
020 ## - INTERNATIONAL STANDARD BOOK NUMBER
International Standard Book Number 0203357256 (ebook)
024 ## - OTHER STANDARD IDENTIFIER
Standard number or code 99946815228
035 ## - SYSTEM CONTROL NUMBER
System control number (OCoLC)ocn722452072
035 ## - SYSTEM CONTROL NUMBER
System control number (OCoLC)722452072
Canceled/invalid control number (OCoLC)720599128
035 ## - SYSTEM CONTROL NUMBER
System control number (NNC)9222294
040 ## - CATALOGING SOURCE
Original cataloging agency DLC
Transcribing agency DLC
Modifying agency YDX
-- YDXCP
-- CDX
050 00 - LIBRARY OF CONGRESS CALL NUMBER
Classification number P91.3
Item number .H35 2012
082 00 - DEWEY DECIMAL CLASSIFICATION NUMBER
Classification number 302.23
Edition number 23
245 02 - TITLE STATEMENT
Title A handbook of media and communication research :
Remainder of title qualitative and quantitative methodologies /
Statement of responsibility, etc. edited by Klaus Bruhn Jensen.
250 ## - EDITION STATEMENT
Edition statement 2nd ed.
260 ## - PUBLICATION, DISTRIBUTION, ETC.
Place of publication, distribution, etc. Abingdon, Oxon ;
-- New York :
Name of publisher, distributor, etc. Routledge,
Date of publication, distribution, etc. 2012.
300 ## - PHYSICAL DESCRIPTION
Extent xii, 431 p. :
Other physical details ill. ;
Dimensions 25 cm.
504 ## - BIBLIOGRAPHY, ETC. NOTE
Bibliography, etc. note Includes bibliographical references and index.
650 #0 - SUBJECT ADDED ENTRY--TOPICAL TERM
Topical term or geographic name entry element Mass media
General subdivision Research
-- Methodology.
650 #0 - SUBJECT ADDED ENTRY--TOPICAL TERM
Topical term or geographic name entry element Humanities
General subdivision Methodology.
650 #0 - SUBJECT ADDED ENTRY--TOPICAL TERM
Topical term or geographic name entry element Social sciences
General subdivision Methodology.
700 1# - ADDED ENTRY--PERSONAL NAME
Personal name Jensen, Klaus Bruhn.
942 ## - ADDED ENTRY ELEMENTS (KOHA)
Source of classification or shelving scheme
Koha item type Book
948 1# - LOCAL PROCESSING INFORMATION (OCLC); SERIES PART DESIGNATOR (RLIN)
Series part designator, SPT (RLIN) 20120224
b (OCLC) c
c (OCLC) sds12
d (OCLC) MPS
Holdings
Withdrawn status Lost status Source of classification or shelving scheme Damaged status Not for loan Collection code Permanent Location Current Location Shelving location Date acquired Total Checkouts Full call number Barcode Date last seen Price effective from Koha item type
            Central Library (CL) Central Library (CL) General Stacks 06/24/2016   302.23 HAN S3H-S-830 06/24/2016 06/24/2016 Book
© 2023 Central Library, National University of Sciences and Technology. All Rights Reserved.